000 00851nam a2200229Ia 4500
001 16211
003 GE_BSU
008 181216s||||||||xx |||||||||||||| ||und||
020 _aISBN 978-99928-61-69-1
040 _cGE_BSU
245 _aმშობლის ენციკლოპედია
245 _bბავშვის განვითარება დაბადებიდან სამ წლამდე
245 _cმთარგმნ. დალი კერესელიძე ; რედ. თემურ მიქელაძე.
260 _aთბილისი.
260 _bელფი
260 _c2011
300 _a268 გვ. : ილ. ; 27 სმ.
541 _h16ლ.
653 _aბავშვის განვითარება;
653 _aმედიცინა
942 _cBK
999 _c49295
_d49295